00592nam a22001691 450000100060000000300080000600500170001400800410003103500190007204000280009104100080011908200180012710000330014524501720017826000380035030000340038882947BD-RjUL20240205121607.0751119s1915 nyuf 000 1 eng  a(BD-RjUL)82947 aDLCcFdOCoLCdDLCbeng aeng a823bPAM 19151 aParker, Gilbert,d1862-1932.14aThe money master;bbeing the curious history of Jean Jacques Barbille, his labours, his loves, and his ladies,cby Gilbert Parker ... illustrated by André Castaigne. aLONDON:bhUTCHINSON & COc[c1915] a360p.bfront., platesc19 cm.